|
|
|
|
| LEADER |
00896cam a2200253 7i4500 |
| 001 |
0000023728 |
| 005 |
20090121090000.0 |
| 008 |
090121 eng |
| 020 |
|
|
|a 9781582970912 (pbk.)
|
| 020 |
|
|
|a 1582970912 (pbk.)
|
| 040 |
|
|
|a DLC
|
| 090 |
0 |
0 |
|a Z285.5
|b .R76 2002
|
| 100 |
1 |
|
|a Ross, Tom
|
| 245 |
1 |
4 |
|a The complete guide to self-publishing
|c Tom and Marilyn Ross.
|
| 250 |
|
|
|a New, expanded & revised 4th ed.
|
| 260 |
|
|
|a Cincinnati, Ohio:
|b Writer's Digest Books,
|c 2002.
|
| 300 |
|
|
|a 521 p.:
|b ill.;
|c 23 cm.
|
| 500 |
|
|
|a Includes index
|
| 650 |
0 |
0 |
|a Self-publishing --
|z United States
|
| 650 |
0 |
0 |
|a Self-publishing --
|z Canada
|
| 700 |
1 |
|
|a Ross, Marilyn Heimberg
|
| 999 |
|
|
|a 0000032761
|b BOK
|c REFERENCE
|e Ground Floor, Bestari Jaya
|
| 999 |
|
|
|a 0000032762
|b BOK
|c REFERENCE
|e 2nd Floor, Shah Alam
|
| 999 |
|
|
|a 0000032763
|b BOK
|c REFERENCE
|e Ground Floor, Bestari Jaya
|